| 000 | 01680nam a22003138i 4500 | ||
|---|---|---|---|
| 999 |
_c28412 _d28383 |
||
| 001 | 018170797 | ||
| 003 | EG-ScBUE | ||
| 005 | 20200705093947.0 | ||
| 008 | 170104s2016 enka f b 001 0 eng d | ||
| 020 | _a9781138636828 (pbk.) | ||
| 040 |
_aStDuBDS _beng _erda _cStDuBDS _dEG-ScBUE |
||
| 082 | 0 | 4 |
_a302.231 _bALL _222 |
| 100 | 1 |
_aAllmer, Thomas, _eauthor. |
|
| 245 | 1 | 0 |
_aCritical theory and social media : _bbetween emancipation and commodification / _cThomas Allmer. |
| 264 | 1 |
_aMilton Park, Abingdon, Oxon ; _aNew York, NY : _bRoutledge, Taylor and Francis Group, _c2016. |
|
| 300 |
_axviii, 213 pages : _billustrations (black and white) ; _c24 cm. |
||
| 336 |
_atext _2rdacontent _btxt |
||
| 336 |
_astill image _2rdacontent _btxt |
||
| 337 |
_aunmediated _2rdamedia _bn |
||
| 338 |
_avolume _2rdacarrier _bnc |
||
| 490 | 0 |
_aRoutledge advances in sociology ; _v144 |
|
| 504 | _aIncludes bibliographical references and index. | ||
| 520 | _aSocial media platforms such as Facebook, YouTube, and Twitter are enormously popular: they are continuously ranked among the most frequently accessed websites worldwide. However there are as yet few studies which combine critical theoretical and empirical research in the context of digital and social media. The aim of this book is to study the constraints and emancipatory potentials of new media and to assess to what extent digital and social media can contribute to strengthen the idea of the communication and network commons, and a commons-based information society. | ||
| 650 | 7 |
_aCritical theory. _2BUEsh |
|
| 650 | 7 |
_aSocial media. _2BUEsh |
|
| 653 |
_bCOMAME _cJuly2020 |
||
| 655 |
_vReading book _934232 |
||
| 942 |
_2ddc _cBB |
||